\

شمس زايد : (Record no. 28501)

MARC details
000 -LEADER
fixed length control field 01205nam a2200217Ia 4500
001 - CONTROL NUMBER
control field a11855
003 - CONTROL NUMBER IDENTIFIER
control field SIRSI
008 - FIXED-LENGTH DATA ELEMENTS--GENERAL INFORMATION
fixed length control field 180429s2007 ts c e b 000 0 ara d
043 ## - GEOGRAPHIC AREA CODE
Geographic area code a-ts---
050 14 - LIBRARY OF CONGRESS CALL NUMBER
Classification number HQ1731.5
Item number .S53 2007
245 00 - TITLE STATEMENT
Title شمس زايد :
Remainder of title أضاءت دنيا المرأة /
Statement of responsibility, etc. مؤسسة التنمية الأسرية.
246 38 - VARYING FORM OF TITLE
Title proper/short title شمس زايد .. أضاءت دنيا المرأة :
Remainder of title كتاب توثيقي يصدر عن مؤسسة التنمية الأسرية في الذكرى الثالثة لرحيل مؤسس الدولة
250 ## - EDITION STATEMENT
Edition statement ط. 1.
260 ## - PUBLICATION, DISTRIBUTION, ETC.
Place of publication, distribution, etc. أبو ظبي :
Name of publisher, distributor, etc. مؤسسة التنمية الأسرية،
Date of publication, distribution, etc. 2007.
300 ## - PHYSICAL DESCRIPTION
Extent 268 ص. :
Other physical details صور ضوئية ملونة ؛
Dimensions 26 سم.
500 ## - GENERAL NOTE
General note ص. العنوان : إصدار في ذكرى وفاة المغفور له بإذن الله تعالى الشيخ زايد بن سلطان آل نهيان.
504 ## - BIBLIOGRAPHY, ETC. NOTE
Bibliography, etc. note ببليوجرافيا : ص. 264-265.
600 04 - SUBJECT ADDED ENTRY--PERSONAL NAME
Personal name زايد بن سلطان آل نهيان،
Dates associated with a name 1918-2004.
650 #4 - SUBJECT ADDED ENTRY--TOPICAL TERM
Topical term or geographic name entry element المرأة
Geographic subdivision الإمارات العربية المتحدة.
710 2# - ADDED ENTRY--CORPORATE NAME
Corporate name or jurisdiction name as entry element مؤسسة التنمية الأسرية (أبو ظبي، الإمارات العربية المتحدة)
Holdings
Withdrawn status Lost status Source of classification or shelving scheme Damaged status Not for loan Collection Home library Current library Shelving location Coded location qualifier Total checkouts Full call number Barcode Date last seen Date last checked out Copy number Price effective from Koha item type Public note
    Library of Congress Classification     AUE Library Collection MAIN MAIN General UNKNOWN 1 HQ1731.5 .S53 2007 14068221 03/11/2021 01/20/2020 1 11/19/2019 Books CHECKEDOUT